[Event "4NCL/Div2/3CS2 vs. GUI2"]
[Site "West Bromwich ENG"]
[Date "2004.05.22"]
[Round "10.1"]
[White "Walton, Alan J"]
[Black "Plaskett, James"]
[Result "0-1"]
[WhiteElo "2126"]
[BlackElo "2483"]
[PlyCount "70"]
[EventDate "2004.05.22"]

1. d4 e6 2. e4 d5 3. Nc3 Bb4 4. exd5 exd5 5. Bd3 Ne7 6. Qh5 Nd7 7. Bg5 c5 8.
Qh4 c4 9. Be2 f6 10. Bd2 Nf5 11. Bh5+ Kf8 12. Qf4 Nb6 13. Nb5 Be7 14. g4 Nd6
15. Nxd6 Qxd6 16. Qxd6 Bxd6 17. g5 fxg5 18. Bxg5 Bf5 19. O-O-O h6 20. Bd2 g6
21. Bf3 Re8 22. Re1 Kf7 23. Ne2 Be4 24. Bxe4 Rxe4 25. Ng3 Rh4 26. Re3 Nd7 27.
Rf3+ Nf6 28. c3 Re8 29. Nf1 g5 30. Ne3 Rf4 31. Rxf4 Bxf4 32. Nf5 Bxd2+ 33. Kxd2
Ne4+ 34. Kc2 Kg6 35. Ne3 Nxf2 0-1

[Event "4NCL/Div2/3CS2 vs. GUI2"]
[Site "West Bromwich ENG"]
[Date "2004.05.22"]
[Round "10.2"]
[White "Gallagher, Joseph G"]
[Black "Adams, Phil"]
[Result "1-0"]
[WhiteElo "2531"]
[BlackElo "2077"]
[PlyCount "97"]
[EventDate "2004.05.22"]

1. e4 c5 2. Nf3 Nc6 3. Nc3 g6 4. d4 cxd4 5. Nxd4 Bg7 6. Be3 Nf6 7. Bc4 Qa5 8.
O-O O-O 9. Bb3 d6 10. h3 Bd7 11. f4 Nxd4 12. Bxd4 Bc6 13. Qd3 Rad8 14. Rad1 Nd7
15. Bxg7 Kxg7 16. Kh1 Nc5 17. Qe3 Nxb3 18. axb3 Qc5 19. Qe2 e6 20. Rd3 Rfe8 21.
Rfd1 d5 22. Rd4 a5 23. e5 Rc8 24. R1d2 b5 25. Nd1 b4 26. Ne3 h5 27. Qf2 Qe7 28.
Nf1 Ra8 29. Nh2 Rec8 30. Nf3 a4 31. bxa4 Rxa4 32. R4d3 d4 33. Nxd4 Be4 34. Re3
Ra1+ 35. Kh2 Bb7 36. Re1 Rxe1 37. Qxe1 Rc4 38. b3 Rc5 39. Qf2 Kg8 40. Nf3 Rc3
41. Ne1 Bd5 42. Qd4 g5 43. Nd3 g4 44. Nxb4 g3+ 45. Kg1 Qc7 46. Kf1 Kg7 47. Nxd5
exd5 48. e6+ Kf8 49. Re2 1-0

[Event "4NCL/Div2/3CS2 vs. GUI2"]
[Site "West Bromwich ENG"]
[Date "2004.05.22"]
[Round "10.3"]
[White "English, Ray"]
[Black "Povah, Nigel E"]
[Result "0-1"]
[WhiteElo "1920"]
[BlackElo "2369"]
[PlyCount "100"]
[EventDate "2004.05.22"]

1. e4 d5 2. Nc3 dxe4 3. Nxe4 Nf6 4. Nxf6+ gxf6 5. Nf3 Bf5 6. d4 Rg8 7. g3 Qd5
8. c3 Nc6 9. Bg2 O-O-O 10. O-O Qd7 11. Be3 Bh3 12. b4 Bxg2 13. Kxg2 Qf5 14. Qb1
Qd5 15. Qb3 Qxb3 16. axb3 a6 17. Rfd1 e6 18. Ne1 Ne7 19. Nd3 Nf5 20. Kf3 Nxe3
21. fxe3 f5 22. c4 Be7 23. Ra5 f6 24. Ke2 h5 25. c5 c6 26. Raa1 Kd7 27. Kf3 Rg7
28. Nf4 Rh8 29. Ng2 Bd8 30. Nh4 Kc8 31. Ra2 Rg5 32. Re2 Bc7 33. Ng2 Rhg8 34.
Nf4 Kd7 35. Ng2 Ke7 36. Nh4 Rg4 37. e4 fxe4+ 38. Rxe4 Rxe4 39. Kxe4 Rg4+ 40.
Kf3 f5 41. Ng2 Re4 42. Nf4 Bxf4 43. gxf4 h4 44. Rd2 Kf6 45. Rd1 Kf7 46. Rd2 Re1
47. Kf2 Rb1 48. Rd3 Rb2+ 49. Kg1 Kg6 50. h3 Re2 0-1

[Event "4NCL/Div2/3CS2 vs. GUI2"]
[Site "West Bromwich ENG"]
[Date "2004.05.22"]
[Round "10.4"]
[White "Thompson, Ian D"]
[Black "Martin, Katie"]
[Result "1-0"]
[WhiteElo "2259"]
[BlackElo "1993"]
[PlyCount "71"]
[EventDate "2004.05.22"]

1. c4 Nf6 2. Nc3 g6 3. g3 Bg7 4. Bg2 O-O 5. e4 d6 6. Nge2 e5 7. O-O c6 8. d3 a5
9. h3 Na6 10. Be3 Nc7 11. f4 Nd7 12. f5 d5 13. exd5 cxd5 14. cxd5 Nf6 15. fxg6
fxg6 16. Qb3 Kh8 17. Bb6 Qd7 18. Rac1 a4 19. Qc4 Nce8 20. Nb5 Ra6 21. Be3 Ra5
22. Nec3 Nd6 23. Nxd6 Qxd6 24. Ne4 Qd8 25. Nxf6 Bxf6 26. Qxc8 Qxc8 27. Rxc8
Rxc8 28. Rxf6 Rb5 29. Rf2 Kg7 30. Bg5 Rb6 31. Be7 Re8 32. d6 Ra6 33. Bd5 Raa8
34. Rf7+ Kh6 35. h4 Rac8 36. Bg5+ 1-0

[Event "4NCL/Div2/3CS2 vs. GUI2"]
[Site "West Bromwich ENG"]
[Date "2004.05.22"]
[Round "10.5"]
[White "Smith, Robyn"]
[Black "Granat, Russell G"]
[Result "0-1"]
[WhiteElo "1664"]
[BlackElo "2252"]
[PlyCount "73"]
[EventDate "2004.05.22"]

1. e4 Nc6 2. Nf3 e5 3. Bc4 Bc5 4. c3 d6 5. d3 Nf6 6. O-O Qe7 7. Nbd2 O-O 8. Bb3
Be6 9. Nc4 Rad8 10. Re1 Kh8 11. Be3 b5 12. Ncd2 Bg4 13. Qe2 Bxe3 14. Qxe3 h6
15. Rac1 a6 16. d4 Nh5 17. h3 Bc8 18. d5 Nb8 19. c4 b4 20. c5 Nd7 21. cxd6 cxd6
22. Rc7 Qf6 23. Nh2 Nc5 24. Nc4 Nf4 25. Bc2 Nd7 26. Qd2 Qg5 27. f3 Nb6 28. Ne3
Bxh3 29. Kh1 Nxg2 30. Re2 Nxe3 31. Qxe3 Qxe3 32. Rxe3 Rc8 33. Rxc8 Rxc8 34. Re2
Nc4 35. Bd3 a5 36. Kg1 Nb6 37. Kf2 {time} 0-1

[Event "4NCL/Div2/3CS2 vs. GUI2"]
[Site "West Bromwich ENG"]
[Date "2004.05.22"]
[Round "10.6"]
[White "Jackson, Adrian"]
[Black "Wright, Jason"]
[Result "1/2-1/2"]
[WhiteElo "2217"]
[BlackElo "1520"]
[PlyCount "64"]
[EventDate "2004.05.22"]

1. e4 c5 2. Nf3 d6 3. d4 cxd4 4. Nxd4 Nf6 5. Nc3 g6 6. Be3 Bg7 7. f3 O-O 8. Qd2
Nc6 9. O-O-O Nxd4 10. Bxd4 Be6 11. h4 Qa5 12. Kb1 Rfc8 13. h5 Rxc3 14. Qxc3
Qxa2+ 15. Kc1 Rc8 16. Qe3 Bb3 17. Bd3 Qa4 18. Bc3 Ng4 19. fxg4 Rxc3 20. Kd2
Rxd3+ 21. cxd3 Bxd1 22. Rxd1 Bxb2 23. hxg6 hxg6 24. Ke2 b5 25. Qd2 Bd4 26. Rc1
Bc5 27. Qb2 Bd4 28. Qd2 Bc5 29. Qb2 a5 30. Rb1 Qb4 31. Qa1 Qa4 32. Qb2 Qb4
1/2-1/2

[Event "4NCL/Div2/3CS2 vs. GUI2"]
[Site "West Bromwich ENG"]
[Date "2004.05.22"]
[Round "10.7"]
[White "Glover, Richard"]
[Black "Anderton, Matthew N"]
[Result "0-1"]
[WhiteElo "1496"]
[BlackElo "2242"]
[PlyCount "98"]
[EventDate "2004.05.22"]

1. e4 e6 2. d4 d5 3. e5 c5 4. c3 Nc6 5. Nf3 Bd7 6. Bd3 cxd4 7. cxd4 Qb6 8. Bc2
Nb4 9. Nc3 Nxc2+ 10. Qxc2 Rc8 11. O-O Ne7 12. Bf4 Nc6 13. Rad1 Bb4 14. Rd3 Na5
15. Rc1 h6 16. a3 Be7 17. b4 Nc4 18. Na4 Qa6 19. Nc5 Bxc5 20. bxc5 Nxa3 21. Qb3
Nc4 22. Nd2 g5 23. Bg3 Bb5 24. Rb1 Na3 25. Ra1 Bxd3 26. Rxa3 Bc4 27. Rxa6 Bxb3
28. Rxa7 Bc2 29. Rxb7 O-O 30. h4 Rb8 31. Rc7 Rb4 32. hxg5 hxg5 33. Nf3 g4 34.
Ne1 Bg6 35. c6 Rxd4 36. Rd7 Rc4 37. c7 Kg7 38. Bh4 Rc8 39. Bf6+ Kh6 40. f4
R4xc7 41. Rd6 Rc1 42. Kf2 g3+ 43. Ke2 Bh5+ 44. Nf3 R8c2+ 45. Ke3 Rc3+ 46. Ke2
Bxf3+ 47. gxf3 R1c2+ 48. Ke1 g2 49. Bg5+ Kh5 0-1

[Event "4NCL/Div2/3CS2 vs. GUI2"]
[Site "West Bromwich ENG"]
[Date "2004.05.22"]
[Round "10.8"]
[White "Lang, Heather"]
[Black "Compston, Michael"]
[Result "1-0"]
[WhiteElo "2070"]
[BlackElo "1400"]
[PlyCount "39"]
[EventDate "2004.05.22"]

1. e4 d5 2. exd5 Nf6 3. Nc3 Nxd5 4. Bc4 Nxc3 5. Qf3 e6 6. dxc3 Be7 7. Bf4 Nd7
8. Qg3 Nf6 9. Bxc7 Qd7 10. Be5 O-O 11. Nf3 b5 12. Bd3 Bb7 13. O-O-O Bd5 14. Ng5
h6 15. Nh7 g6 16. Nxf6+ Bxf6 17. Bxf6 Kh7 18. h4 h5 19. Qg5 Qb7 20. Qxh5+ 1-0

[Event "4NCL/Div2/BAR3 vs. BRI1"]
[Site "West Bromwich ENG"]
[Date "2004.05.22"]
[Round "10.1"]
[White "Berry, Neil"]
[Black "Cobb, Charles"]
[Result "0-1"]
[WhiteElo "2268"]
[BlackElo "2406"]
[PlyCount "73"]
[EventDate "2004.05.22"]

1. d4 e6 2. c4 d5 3. Nc3 c6 4. Nf3 dxc4 5. a4 Bb4 6. e3 b5 7. Bd2 a5 8. axb5
Bxc3 9. Bxc3 cxb5 10. b3 Bb7 11. bxc4 b4 12. Bb2 Nf6 13. Bd3 Nbd7 14. O-O O-O
15. Re1 Ne4 16. c5 Bc6 17. Qc2 f5 18. Bc4 Qe7 19. Nd2 Nxd2 20. Qxd2 Nf6 21. f3
Kh8 22. Qd3 a4 23. e4 fxe4 24. fxe4 Qb7 25. d5 exd5 26. exd5 Bxd5 27. Bxf6 Bxc4
28. Qxc4 gxf6 29. c6 Qa7+ 30. Kh1 b3 31. c7 b2 32. Ra3 Rae8 33. Rf1 Qb7 34. Qc2
Rc8 35. Rc3 Rf7 36. Rb1 Rfxc7 37. Rxc7 0-1

[Event "4NCL/Div2/BAR3 vs. BRI1"]
[Site "West Bromwich ENG"]
[Date "2004.05.22"]
[Round "10.2"]
[White "Beaumont, Chris"]
[Black "Twyble, Michael S"]
[Result "1-0"]
[WhiteElo "2336"]
[BlackElo "2245"]
[PlyCount "83"]
[EventDate "2004.05.22"]

1. d4 Nf6 2. Nf3 d5 3. c4 c6 4. e3 Bf5 5. cxd5 cxd5 6. Qb3 Qc7 7. Bd2 Nc6 8.
Bb5 e6 9. O-O Be7 10. Bb4 O-O 11. Bxc6 bxc6 12. Bxe7 Qxe7 13. Nbd2 Rab8 14. Qc3
Qb4 15. Qxb4 Rxb4 16. b3 Nd7 17. Rfc1 Rc8 18. Rc3 f6 19. Rac1 Rb6 20. Nh4 Bg4
21. h3 Bh5 22. g4 Bf7 23. f4 h6 24. e4 g5 25. Ng2 Rb4 26. exd5 Rxd4 27. dxe6
Rxd2 28. exf7+ Kxf7 29. R1c2 Rxc2 30. Rxc2 c5 31. Kf2 Nb6 32. Ne3 gxf4 33. Nf5
Rc7 34. Nxh6+ Ke6 35. Re2+ Kd5 36. Ng8 Rf7 37. Kf3 c4 38. bxc4+ Kxc4 39. Kxf4
Nd5+ 40. Kf5 Nc3 41. Rh2 Nd5 42. Kg6 1-0

[Event "4NCL/Div2/BAR3 vs. BRI1"]
[Site "West Bromwich ENG"]
[Date "2004.05.22"]
[Round "10.3"]
[White "Coleman, David"]
[Black "Sherwin, James T"]
[Result "1/2-1/2"]
[WhiteElo "2240"]
[BlackElo "2309"]
[PlyCount "87"]
[EventDate "2004.05.22"]

1. e4 c5 2. Nf3 e6 3. d4 cxd4 4. Nxd4 a6 5. Bd3 Bc5 6. Nb3 Ba7 7. Nc3 Nc6 8.
Qe2 Nge7 9. Be3 b5 10. Bxa7 Rxa7 11. Qe3 O-O 12. a4 b4 13. Ne2 e5 14. Rd1 d6
15. O-O Ra8 16. Bc4 Qc7 17. Qd3 Rd8 18. Qf3 Rf8 19. Qd3 Rd8 20. Rd2 Bb7 21.
Rfd1 Ng6 22. Bd5 Nce7 23. Bxb7 Qxb7 24. Na5 Qc7 25. Nc4 d5 26. exd5 Rxd5 27.
Qf3 Qxc4 28. Rxd5 Nxd5 29. Qxd5 Qxd5 30. Rxd5 Kf8 31. g3 Rc8 32. c3 bxc3 33.
Nxc3 Rb8 34. Rd6 Rxb2 35. Rxa6 f5 36. Kg2 e4 37. Nd5 Ne5 38. Ne3 Nd3 39. Ra8+
Kf7 40. Ra7+ Kf6 41. Ra6+ Kf7 42. Ra7+ Ke6 43. Ra6+ Kd7 44. Ra7+ 1/2-1/2

[Event "4NCL/Div2/BAR3 vs. BRI1"]
[Site "West Bromwich ENG"]
[Date "2004.05.22"]
[Round "10.4"]
[White "Rudd, Jack"]
[Black "Rose, Matthew"]
[Result "1-0"]
[WhiteElo "2253"]
[BlackElo "2223"]
[PlyCount "51"]
[EventDate "2004.05.22"]

1. e4 c5 2. Nf3 d6 3. Nc3 Nf6 4. e5 dxe5 5. Nxe5 a6 6. g3 Qc7 7. d4 cxd4 8.
Qxd4 Nc6 9. Nxc6 Qxc6 10. Bg5 Qxh1 11. O-O-O Bd7 12. Bxf6 O-O-O 13. Be5 f6 14.
Nd5 fxe5 15. Qxe5 Qxd5 16. Rxd5 e6 17. Rd3 Be7 18. Rc3+ Bc6 19. Rxc6+ bxc6 20.
Qxe6+ Kc7 21. Qxe7+ Rd7 22. Qe5+ Kb6 23. b4 Ra8 24. a4 g6 25. Bg2 Rad8 26. Qc5+
1-0

[Event "4NCL/Div2/BAR3 vs. BRI1"]
[Site "West Bromwich ENG"]
[Date "2004.05.22"]
[Round "10.5"]
[White "Williamson, Paul L"]
[Black "Buckley, David E"]
[Result "0-1"]
[WhiteElo "2134"]
[BlackElo "2203"]
[PlyCount "54"]
[EventDate "2004.05.22"]

1. d4 d6 2. c4 e5 3. d5 f5 4. Nc3 Nf6 5. Bg5 Be7 6. Bxf6 Bxf6 7. e4 Na6 8. Bd3
Nc5 9. Bc2 O-O 10. Nge2 Bg5 11. O-O f4 12. f3 Be7 13. Nc1 g5 14. b4 Nd7 15. Nd3
Nf6 16. h3 h5 17. Kf2 g4 18. hxg4 Nxg4+ 19. fxg4 Bxg4 20. Qd2 Bh4+ 21. Kg1 Bg3
22. Nf2 Qh4 23. Nh3 Bxh3 24. gxh3 f3 25. Bd1 Bf4 26. Qf2 Be3 27. Qxe3 Qg3+ 0-1

[Event "4NCL/Div2/BAR3 vs. BRI1"]
[Site "West Bromwich ENG"]
[Date "2004.05.22"]
[Round "10.6"]
[White "Collier, David O"]
[Black "Flower, David"]
[Result "1-0"]
[WhiteElo "2225"]
[BlackElo "2125"]
[PlyCount "57"]
[EventDate "2004.05.22"]

1. d4 d6 2. Nf3 g6 3. c4 Bg7 4. Nc3 Nf6 5. Bg5 O-O 6. e3 Nbd7 7. Bd3 c6 8. Qc2
Qc7 9. O-O Re8 10. Rab1 a5 11. a3 e5 12. b4 axb4 13. axb4 Nf8 14. h3 N6d7 15.
dxe5 dxe5 16. c5 f5 17. Bc4+ Ne6 18. Bh4 h6 19. Rbd1 Ndf8 20. Bg3 Bf6 21. Na4
Rxa4 22. Qxa4 Kh8 23. Qa1 Ng7 24. Rd6 Qe7 25. Rxf6 Qxf6 26. Bxe5 Qe7 27. Bd6
Qe4 28. Bf7 Rd8 29. Be5 1-0

[Event "4NCL/Div2/BAR3 vs. BRI1"]
[Site "West Bromwich ENG"]
[Date "2004.05.22"]
[Round "10.7"]
[White "Trent, Alan M"]
[Black "Helbig, Paul D"]
[Result "0-1"]
[WhiteElo "1440"]
[BlackElo "2195"]
[PlyCount "88"]
[EventDate "2004.05.22"]

1. e4 g6 2. d4 d6 3. Nc3 Bg7 4. f4 Nc6 5. Be3 Nf6 6. Nf3 O-O 7. d5 Nb8 8. Bc4
c6 9. O-O b5 10. Bd3 Ng4 11. Qe1 b4 12. Nd1 Nxe3 13. Qxe3 Qb6 14. Re1 Qxe3+ 15.
Rxe3 cxd5 16. exd5 Bf6 17. c3 a5 18. Rc1 Bb7 19. c4 Rc8 20. Rb1 Na6 21. Nf2 Nc5
22. Ng4 Bg7 23. Be2 Rc7 24. Kh1 Bc8 25. Nf2 Bf5 26. Nd3 Bxd3 27. Bxd3 Nxd3 28.
Rxd3 Rxc4 29. g3 Rac8 30. b3 Rc1+ 31. Rxc1 Rxc1+ 32. Kg2 Bc3 33. Kh3 Rc2 34.
Re3 Bf6 35. g4 Kf8 36. g5 Bc3 37. Nh4 Rxa2 38. f5 Be5 39. Nf3 gxf5 40. Nxe5
dxe5 41. Rxe5 Ra3 42. Rxf5 Rxb3+ 43. Kg4 a4 44. d6 exd6 0-1

[Event "4NCL/Div2/PPA1 vs. MMNWE2"]
[Site "West Bromwich ENG"]
[Date "2004.05.22"]
[Round "10.1"]
[White "Swanson, Stephen"]
[Black "Hague, Ben"]
[Result "1/2-1/2"]
[WhiteElo "2283"]
[BlackElo "2227"]
[PlyCount "85"]
[EventDate "2004.05.22"]

1. e4 g6 2. d4 Bg7 3. Nf3 d6 4. Nc3 a6 5. a4 b6 6. Be3 Nd7 7. d5 Ngf6 8. Nd4
O-O 9. Be2 Nc5 10. f3 Qe8 11. b4 Ncd7 12. O-O e6 13. dxe6 fxe6 14. b5 Nc5 15.
a5 bxa5 16. Rxa5 Bb7 17. Qd2 Qe7 18. Nb3 Nxb3 19. cxb3 axb5 20. Nxb5 Bc6 21.
Nd4 Bd7 22. Rxa8 Rxa8 23. b4 Ne8 24. Rc1 Ra3 25. Nb5 Bxb5 26. Bxb5 Ra8 27. Bc6
Rb8 28. b5 Nf6 29. Qa2 Rf8 30. e5 Ne8 31. Bxe8 Rxe8 32. exd6 Qxd6 33. Qc4 Qd5
34. Qxc7 Qxb5 35. Qc6 Qxc6 36. Rxc6 Kf7 37. Bc5 Be5 38. Rb6 Rc8 39. Rb7+ Kg8
40. Be3 Ra8 41. f4 Bf6 42. Kf2 e5 43. Kf3 1/2-1/2

[Event "4NCL/Div2/PPA1 vs. MMNWE2"]
[Site "West Bromwich ENG"]
[Date "2004.05.22"]
[Round "10.2"]
[White "Carleton, John J"]
[Black "Posazhennikov, Alex"]
[Result "1/2-1/2"]
[WhiteElo "2286"]
[BlackElo "2253"]
[PlyCount "166"]
[EventDate "2004.05.22"]

1. d4 f5 2. Nf3 Nf6 3. c4 g6 4. Nc3 Bg7 5. Bg5 d6 6. Bxf6 Bxf6 7. e4 c5 8. dxc5
Qa5 9. Qd2 Bxc3 10. bxc3 fxe4 11. Ng5 Bf5 12. g4 Bxg4 13. Nxe4 Nd7 14. Bg2 Nxc5
15. Qd4 O-O 16. Nxc5 dxc5 17. Qe3 Qc7 18. Rb1 Rab8 19. O-O e6 20. Rfe1 b6 21.
Qg3 Qxg3 22. hxg3 Rbd8 23. Rb2 Rd3 24. Rc2 Rfd8 25. Bc6 R8d6 26. Bb7 Bf3 27.
Bxf3 Rxf3 28. a4 Kf7 29. a5 bxa5 30. Ra1 Rdd3 31. Rxa5 Rxc3 32. Rxc3 Rxc3 33.
Rxc5 Kf6 34. Ra5 Rxc4 35. Rxa7 h5 36. Kg2 Rc3 37. Ra5 e5 38. Ra6+ Kf5 39. Ra5
g5 40. Ra8 h4 41. gxh4 gxh4 42. Rf8+ Ke4 43. Rh8 h3+ 44. Kh2 Rf3 45. Rh4+ Rf4
46. Rxh3 Rxf2+ 47. Kg1 Rf3 48. Rh4+ Kd3 49. Ra4 Ke3 50. Ra3+ Kf4 51. Ra4+ e4
52. Ra8 Rb3 53. Rh8 Rf3 54. Rf8+ Ke3 55. Ra8 Rf4 56. Ra3+ Kd2 57. Ra2+ Kc3 58.
Ra3+ Kb2 59. Re3 Kc2 60. Ra3 Rf7 61. Re3 Rf4 62. Ra3 Kd2 63. Ra2+ Kd1 64. Ra1+
Kc2 65. Ra2+ Kb3 66. Rf2 Rh4 67. Kf1 Kc3 68. Ke2 Kd4 69. Rg2 Rh1 70. Rg3 Rh2+
71. Ke1 Rc2 72. Rh3 Kc4 73. Rg3 Ra2 74. Rh3 Ra7 75. Rg3 Rd7 76. Ke2 Rb7 77. Rh3
Rb2+ 78. Ke1 Kd4 79. Rg3 e3 80. Rg8 Rb5 81. Ke2 Rb2+ 82. Ke1 Kd3 83. Rd8+ Ke4
1/2-1/2

[Event "4NCL/Div2/PPA1 vs. MMNWE2"]
[Site "West Bromwich ENG"]
[Date "2004.05.22"]
[Round "10.3"]
[White "Harley, Andrew"]
[Black "Kennaugh, Charles W"]
[Result "1/2-1/2"]
[WhiteElo "2238"]
[BlackElo "2290"]
[PlyCount "30"]
[EventDate "2004.05.22"]

1. e4 e5 2. Nf3 Nc6 3. Bb5 f5 4. d3 Nf6 5. O-O Be7 6. exf5 O-O 7. Bxc6 dxc6 8.
Nxe5 Bxf5 9. Nc3 Qd4 10. Nf3 Qd6 11. Qe1 Rae8 12. Ne4 Qd5 13. Nc3 Qd6 14. Ne4
Qd5 15. Nc3 Qd6 1/2-1/2

[Event "4NCL/Div2/PPA1 vs. MMNWE2"]
[Site "West Bromwich ENG"]
[Date "2004.05.22"]
[Round "10.4"]
[White "Charleshouse, Glenn L"]
[Black "Moore, Gerald"]
[Result "0-1"]
[WhiteElo "2240"]
[BlackElo "2225"]
[PlyCount "64"]
[EventDate "2004.05.22"]

1. e4 c5 2. Nf3 e6 3. d4 cxd4 4. Nxd4 Nc6 5. Nc3 d6 6. Be3 Nf6 7. Bc4 Be7 8.
Qe2 O-O 9. O-O-O Qc7 10. Bb3 a6 11. g4 Nxd4 12. Rxd4 Nd7 13. g5 Nc5 14. Rg1 Bd7
15. Qh5 g6 16. Qh6 Rfc8 17. e5 Bf8 18. exd6 Qa5 19. Qh4 Nxb3+ 20. axb3 Rxc3 21.
Kb1 Rc6 22. Rgd1 Rac8 23. Bd2 Qf5 24. Bc3 e5 25. Rd5 Bg7 26. R1d2 b5 27. Ka2 a5
28. Bxa5 Ra6 29. b4 Rxc2 30. Qg3 Be6 31. Qd3 Rxd2 32. Qxd2 Rxd6 0-1

[Event "4NCL/Div2/PPA1 vs. MMNWE2"]
[Site "West Bromwich ENG"]
[Date "2004.05.22"]
[Round "10.5"]
[White "Munson, Shaun D"]
[Black "Hulmes, David I"]
[Result "0-1"]
[WhiteElo "2294"]
[BlackElo "2170"]
[PlyCount "62"]
[EventDate "2004.05.22"]

1. d4 d5 2. Bg5 h6 3. Bh4 c6 4. Nc3 Bf5 5. e3 Nd7 6. Bd3 Bxd3 7. cxd3 Qb6 8.
Rb1 e6 9. f4 Be7 10. Bxe7 Nxe7 11. Nf3 O-O 12. O-O c5 13. dxc5 Qxc5 14. d4 Qb6
15. Qe2 Rac8 16. Rbc1 a6 17. Rc2 Rc6 18. Ne1 Nf5 19. Nd3 Nd6 20. Ne5 Nxe5 21.
fxe5 Nc4 22. Nb1 Rfc8 23. b3 Nxe5 24. Rd2 Nd7 25. Qh5 Nf6 26. Qh4 Ne4 27. Rdd1
Rc2 28. Qe7 Qc7 29. Qa3 Qd8 30. g3 Qg5 31. b4 Nxg3 0-1

[Event "4NCL/Div2/PPA1 vs. MMNWE2"]
[Site "West Bromwich ENG"]
[Date "2004.05.22"]
[Round "10.6"]
[White "Spence, David"]
[Black "Winfridsson, Håkan"]
[Result "1-0"]
[WhiteElo "2189"]
[BlackElo "2175"]
[PlyCount "73"]
[EventDate "2004.05.22"]

1. e4 e5 2. Nf3 Nc6 3. Bc4 Bc5 4. c3 Nf6 5. d3 d6 6. Bb3 O-O 7. O-O Be6 8. Nbd2
Qe7 9. Qe2 Kh8 10. Nc4 Rae8 11. Ba4 Bxc4 12. dxc4 Nh5 13. g3 g6 14. b4 Bb6 15.
Bh6 Ng7 16. Nh4 Rg8 17. Kh1 Ne6 18. Bd2 Ref8 19. Bc2 Ncd8 20. Rae1 a5 21. a3 c6
22. Qg4 Qe8 23. f4 f5 24. exf5 gxf5 25. Qh3 e4 26. Nxf5 d5 27. cxd5 cxd5 28. c4
Qc6 29. c5 axb4 30. axb4 Bxc5 31. bxc5 Qxc5 32. Bb1 Nc6 33. Nh6 Ned4 34. Nxg8
Kxg8 35. Qg4+ Kf7 36. Qh5+ Ke7 37. Rxe4+ 1-0

[Event "4NCL/Div2/PPA1 vs. MMNWE2"]
[Site "West Bromwich ENG"]
[Date "2004.05.22"]
[Round "10.7"]
[White "Byway, Paul"]
[Black "Savory, Richard J"]
[Result "1-0"]
[WhiteElo "2213"]
[BlackElo "2096"]
[PlyCount "83"]
[EventDate "2004.05.22"]

1. Nf3 d5 2. d4 Nf6 3. Bg5 e6 4. e3 Nbd7 5. Nbd2 Be7 6. c3 O-O 7. Bd3 c5 8. O-O
Nh5 9. Bxe7 Qxe7 10. Ne5 Nxe5 11. Bxh7+ Kxh7 12. Qxh5+ Kg8 13. dxe5 f6 14. e4
fxe5 15. Qxe5 Bd7 16. exd5 Rf5 17. Qe3 Rxd5 18. Rad1 Bc6 19. Nf3 Qd6 20. Rxd5
exd5 21. Ne5 d4 22. Qg3 Rd8 23. Nxc6 Qxc6 24. cxd4 cxd4 25. Qb3+ Qd5 26. Rc1
Qxb3 27. axb3 Re8 28. Kf1 d3 29. Rd1 Re2 30. Rxd3 Rxb2 31. h4 Kf8 32. g4 b5 33.
h5 a5 34. g5 a4 35. bxa4 bxa4 36. Rd8+ Ke7 37. Ra8 Rb5 38. f4 Rb4 39. h6 Rxf4+
40. Ke2 gxh6 41. gxh6 Rh4 42. h7 1-0

[Event "4NCL/Div2/PPA1 vs. MMNWE2"]
[Site "West Bromwich ENG"]
[Date "2004.05.22"]
[Round "10.8"]
[White "Milligan, Helen"]
[Black "Aarons, Poppy J"]
[Result "1/2-1/2"]
[WhiteElo "2086"]
[BlackElo "1872"]
[PlyCount "93"]
[EventDate "2004.05.22"]

1. e4 e6 2. d4 d5 3. Nc3 Bb4 4. e5 c5 5. a3 Bxc3+ 6. bxc3 Qa5 7. Bd2 Qa4 8. Nf3
Ne7 9. Bd3 Nbc6 10. dxc5 Qa5 11. O-O Qxc5 12. Qe2 Qb6 13. c4 Bd7 14. Rfb1 Qc7
15. Rb2 h6 16. Rab1 b6 17. cxd5 Nxd5 18. c4 Nde7 19. Be4 Rd8 20. Bc3 O-O 21. c5
Rb8 22. cxb6 Rxb6 23. Rxb6 axb6 24. Qe3 Rb8 25. Rd1 Bc8 26. h3 Ba6 27. Rd6 Bc4
28. Rd1 Nd5 29. Bxd5 Bxd5 30. Ne1 Na5 31. Bb4 Nc4 32. Qc3 Rc8 33. f4 Qb7 34.
Qd4 b5 35. Rd3 Nb6 36. Rc3 Rxc3 37. Qxc3 Nc4 38. Qd4 Qa6 39. Qc5 Qb6 40. Nc2
Qxc5+ 41. Bxc5 Nd2 42. Nd4 Nb3 43. Nxb3 Bxb3 44. Kf2 Bc4 45. g4 g6 46. h4 h5
47. g5 1/2-1/2

[Event "4NCL/Div2/PYO vs. WRO"]
[Site "West Bromwich ENG"]
[Date "2004.05.22"]
[Round "10.1"]
[White "Haslinger, Stewart"]
[Black "Gourlay, Iain"]
[Result "1/2-1/2"]
[WhiteElo "2410"]
[BlackElo "2275"]
[PlyCount "47"]
[EventDate "2004.05.22"]

1. e4 c5 2. Nf3 e6 3. d4 cxd4 4. Nxd4 Nc6 5. Nc3 d6 6. Be3 a6 7. Be2 Nf6 8. O-O
Qc7 9. f4 Be7 10. Kh1 Nxd4 11. Bxd4 e5 12. Be3 exf4 13. Rxf4 Be6 14. Nd5 Bxd5
15. exd5 Nd7 16. Rc4 Qd8 17. Rb4 Qc7 18. a4 O-O 19. Ra3 Nc5 20. a5 Bf6 21. Bxc5
Qxc5 22. Rc4 Qa7 23. b4 Rac8 24. Rxc8 1/2-1/2

[Event "4NCL/Div2/PYO vs. WRO"]
[Site "West Bromwich ENG"]
[Date "2004.05.22"]
[Round "10.2"]
[White "Potts, Alan"]
[Black "Rendle, Thomas E"]
[Result "1-0"]
[WhiteElo "2280"]
[BlackElo "2283"]
[PlyCount "57"]
[EventDate "2004.05.22"]

1. b3 f5 2. Bb2 d6 3. e3 e5 4. d4 e4 5. d5 Nf6 6. Nh3 Nbd7 7. Bb5 a6 8. Nf4 c6
9. dxc6 axb5 10. cxd7+ Bxd7 11. O-O Be7 12. Nc3 O-O 13. Qd4 Rf7 14. Rfd1 Bf8
15. a4 bxa4 16. Nxa4 Ng4 17. Nb6 Rxa1 18. Rxa1 Qh4 19. Nh3 Bc6 20. Ra8 f4 21.
Bc3 fxe3 22. fxe3 Bb5 23. Nc4 Qh6 24. Bd2 Rf5 25. Qxe4 Qf6 26. Nf4 d5 27. Qf3
Nh6 28. Bb4 Qh4 29. Qxd5+ 1-0

[Event "4NCL/Div2/PYO vs. WRO"]
[Site "West Bromwich ENG"]
[Date "2004.05.22"]
[Round "10.3"]
[White "Bigg, Andrew J"]
[Black "Gayson, Peter M"]
[Result "1-0"]
[WhiteElo "2267"]
[BlackElo "2239"]
[PlyCount "117"]
[EventDate "2004.05.22"]

1. d4 f5 2. Nf3 Nf6 3. Bg5 e6 4. Nbd2 Be7 5. Bxf6 Bxf6 6. e4 fxe4 7. Nxe4 Be7
8. d5 O-O 9. Bc4 b5 10. Bb3 Bb7 11. a4 b4 12. Qd3 Kh8 13. h4 Ba6 14. Qd2 exd5
15. Qxd5 c6 16. Qd2 d5 17. h5 dxe4 18. Qxd8 Bxd8 19. Ne5 Bg5 20. Rd1 Bc8 21.
Nf7+ Rxf7 22. Bxf7 Bf5 23. Rd6 Nd7 24. O-O Ne5 25. Bb3 Be7 26. Rdd1 Bc5 27. Kh1
Rf8 28. f3 exf3 29. gxf3 h6 30. Rde1 Nd7 31. Be6 Bxe6 32. Rxe6 Rf6 33. Rxf6
Nxf6 34. Re1 Bd4 35. Re6 Bxb2 36. Rxc6 Nd5 37. Ra6 Ne3 38. Rxa7 Nxc2 39. Rb7
Bd4 40. a5 Na1 41. Rxb4 Be3 42. Rb2 Kg8 43. a6 Bd4 44. Ra2 Nb3 45. a7 Bxa7 46.
Rxa7 Nd4 47. Kg2 Ne2 48. Kh3 Nf4+ 49. Kg4 Nd5 50. Kf5 Kh7 51. Rf7 Ne3+ 52. Ke4
Nf1 53. Kf4 Nd2 54. Rc7 Kg8 55. Rc3 Kf7 56. Ke3 Nf1+ 57. Kf2 Nd2 58. Ke2 Nb1
59. Rb3 1-0

[Event "4NCL/Div2/PYO vs. WRO"]
[Site "West Bromwich ENG"]
[Date "2004.05.22"]
[Round "10.4"]
[White "Barrett, Steve J"]
[Black "Broomfield, Matthew"]
[Result "1/2-1/2"]
[WhiteElo "2146"]
[BlackElo "2278"]
[PlyCount "42"]
[EventDate "2004.05.22"]

1. d4 Nf6 2. c4 e6 3. Nc3 Bb4 4. Nf3 b6 5. g3 Bb7 6. Bg2 O-O 7. O-O d6 8. Qc2
Nbd7 9. a3 Bxc3 10. Qxc3 a5 11. b3 c5 12. Bb2 Be4 13. Nd2 Bxg2 14. Kxg2 d5 15.
Rad1 Qc7 16. dxc5 bxc5 17. e3 Rfb8 18. a4 Rd8 19. Nb1 Qb7 20. Kg1 Rdb8 21. Rd3
Nb6 1/2-1/2

[Event "4NCL/Div2/PYO vs. WRO"]
[Site "West Bromwich ENG"]
[Date "2004.05.22"]
[Round "10.5"]
[White "Player, Edmund C"]
[Black "Burnett, Jim"]
[Result "1/2-1/2"]
[WhiteElo "2151"]
[BlackElo "2205"]
[PlyCount "63"]
[EventDate "2004.05.22"]

1. e4 d5 2. exd5 Qxd5 3. Nc3 Qa5 4. d4 Nf6 5. Nf3 c6 6. Bc4 Bf5 7. Bd2 e6 8.
Ne4 Qc7 9. Nxf6+ gxf6 10. Qe2 Nd7 11. O-O-O Nb6 12. Nh4 Nxc4 13. Qxc4 Bg6 14.
d5 exd5 15. Rhe1+ Be7 16. Qc5 Kd8 17. Qd4 Re8 18. Nxg6 hxg6 19. Re2 Qb6 20. Qa4
Qa6 21. Qxa6 bxa6 22. Ba5+ Kd7 23. c4 Bd8 24. Rxe8 Kxe8 25. Bc3 dxc4 26. Rd6
Rc8 27. Bxf6 Bb6 28. Rd2 Kf8 29. Re2 Rc7 30. Kc2 Rd7 31. Rd2 Rd5 32. f3 1/2-1/2